Tous les modèles de la marque Subaru - Statistiques

Statistiques générales
  • Ce quiz a été pris 6 fois
  • Le résultat moyen est 6 sur 32
Statistiques - réponses
Par images Réponse % Correct
Forester
83%
Impreza
83%
Legacy
67%
Outback
67%
BRZ
50%
WRX
50%
360
33%
Crosstrek
33%
Levorg
33%
Solterra
17%
Trezia
17%
Tribeca
17%
Vivio
17%
XT
17%
XV
17%
Alcyone SVX
0%
Ascent
0%
Chiffon
0%
Exiga
0%
Exiga Crossover 7
0%
Justy
0%
Leone
0%
Liberty
0%
Pleo
0%
R1
0%
R-2
0%
R2
0%
Rex
0%
Sambar
0%
Stella
0%
Trailseeker
0%
Vanille
0%
Aucun quiz correspondant
Distribution des résultats
% des personnes avec chaque résultat
Percentile par nombre de réponses
Votre historique - résultats
Vous n’avez pas pris ce quiz